| 000 | 01212nam a22002417a 4500 | ||
|---|---|---|---|
| 999 |
_c21713 _d21713 |
||
| 003 | AR-CdUCM | ||
| 008 | 190425b ||||| |||| 00| 0 spa d | ||
| 040 |
_aMUNICIPALIDAD PROVINCIAL DEL CUSCO _cBIBLIOTECA MUNICIPAL DEL CUSCO |
||
| 082 |
_aRev.Univ/N°54/1927 _bRev.Univ/N°54/1927 _21° trimestre 1927 |
||
| 110 |
_aUniversidad Nacional de San Antonio Abad del Cusco _915942 |
||
| 245 |
_aRevista Universitaria : _bÓrgano de la Universidad del Cuzco / |
||
| 260 |
_aCusco : _bH. G. Rozas, _c1927. |
||
| 300 |
_a52 páginas. : _c20 cm. |
||
| 440 |
_aRevista Universitaria _nAño XII, 1° trimestre 1927, N°54 _945834 |
||
| 500 | _aFalta hojas, cuenta hasta el numero 20 de allí salta al 97 suplemento 5 entrega de exploración e incidentes de viaje en la tierra de los incas de G. Squier y finaliza en la página 128. | ||
| 505 | _aContenido: El rol de la mujer en la civilización antigua peruana. -- Puntos de orientación de la filosofía moderna. Benedetto Croce. | ||
| 650 |
_aÉpoca prehispánica _92714 |
||
| 650 |
_aCivilización antigua _91473 |
||
| 650 |
_aFilosofía moderna _945835 |
||
| 710 |
_aUniversidad Nacional de San Antonio Abad del Cusco _915942 |
||
| 942 |
_2ddc _cPP |
||
| 945 | _arac | ||